Boletn̕ Forero Medina & Abogados Asociados

Detalles Bibliográficos
Formato: eBook
Lenguaje:español
Publicado: Bogot:̀ Forero Medina & Abogados Asociados, 2013 -
Materias:
Acceso en línea:Acceso restringido

MARC

LEADER 00000nam a22000007a 4500
005 20131029171414.0
007 cr|||| ||||
008 131029c20139999xxumr|| s|||| 0|||b1spa d
035 |a 11582 
040 |a vLex 
090 |c 4560  |d 4560 
245 0 0 |a Boletn̕ Forero Medina & Abogados Asociados  |h [Recurso electrn̤ico] 
256 |a Servicio en ln̕ea 
260 |a Bogot:̀  |b Forero Medina & Abogados Asociados,  |c 2013 - 
300 |a 1 recurso electrn̤ico 
310 |a Mensual 
506 1 |a Contenido solo disponible en los productos indicados  |d vLex Global  |d vLex Global (Academic Edition, excluding Law Schools)  |d vLex Global (U.S. Academic Edition, Law Schools)  |d vLex Global (U.S. Academic Edition, excluding Law Schools)  |d vLex Global (Academic Edition, Law Schools) 
650 0 4 |a Derecho internacional  |z Mx̌ico 
740 0 |a vLex Revistas (Servicio en ln̕ea) 
856 4 0 |u http://vlex.com/source/boletin-forero-medina-abogados-asociados-11582  |z Acceso restringido 
942 |c REV 
999 0 |a International Law